| 000 | 01564nam a22004097a 4500 | ||
|---|---|---|---|
| 003 | CHAP | ||
| 005 | 20220329143409.0 | ||
| 008 | 090402s2009 mx r 00010 spa d | ||
| 010 | _a95980 | ||
| 011 | _a96952 | ||
| 035 | _a107609 | ||
| 040 | _cCHAP | ||
| 090 | _aTesis | ||
| 100 | 1 |
_aMaldonado Chávez, Rubén. _970085 |
|
| 245 | 1 | 0 |
_aEfecto de la administración de eCG en un programa de sincronización del estro en vacas raza Charolais _c/por Rubén Maldonado Chávez |
| 260 |
_aChapingo, Méx. : _bEl autor, _c2009 |
||
| 300 |
_aiv, 47 h. : _bcuadros, gráfs. |
||
| 502 | _aTesis (Ing. Agr. Esp. en Zootecnia) -- UACH. Departamento de Zootecnia | ||
| 530 | _aTambién disponible en línea | ||
| 590 |
_aALEPH _b10 _c20130110 _lUCH01 _h1528 |
||
| 590 |
_aBATCH-UPD _b10 _c20130110 _lUCH01 _h0500 |
||
| 590 |
_aBATCH-UPD _b10 _c20130410 _lUCH01 _h0138 |
||
| 590 |
_aBATCH-UPD _b10 _c20130914 _lUCH01 _h0932 |
||
| 590 |
_aBATCH-UPD _b10 _c20140324 _lUCH01 _h1511 |
||
| 590 |
_aBATCH-UPD _b10 _c20141002 _lUCH01 _h0839 |
||
| 590 |
_aCONVERSION _b10 _c20130109 _lUCH01 _h1353 |
||
| 650 | 1 | 4 |
_aCiclo estrual. _923072 |
| 650 | 1 | 4 |
_aGanado Charolais. _945066 |
| 650 | 1 | 4 |
_aGanado vacuno _xFecundidad. _945466 |
| 650 | 1 | 4 |
_aProstaglandina. _992434 |
| 650 | 1 | 4 |
_aSincronización del celo. _9106556 |
| 856 |
_3Finding aid _uhttp://10.13.5.2/tesis/107609.pdf _zTeclea aqui |
||
| 901 | _aBK | ||
| 942 | _cFOLL | ||
| 949 |
_aTesis _bBC _cTES _d33724002090538 _eTS1 _gDonaciØn _h49063 _i107609 _sb |
||
| 949 |
_aTesis _bBC _cTES _d33724002090579 _eTS2 _fc.2 _gDonaciØn _h49064 _i107609 _sb |
||
| 999 |
_c95980 _d95980 |
||